Регионална библиотека "Любен Каравелов" - Русе

Лен (Запис номер 411249)

MARC детайли
000 -Лидер
Контролно поле с фиксирана дължина nam a22 a 4500
003 - Код на организацията, давaща контролен номер
Контролно поле BLK
005 - Дата и час на последна редакция
Контролно поле 20220316101734.0
008 - Елементи от данни с фиксирана дължина
fixed length control field 210426b bu |||||r|||| 00| | bu d
040 ## - Източник на каталожния запис
Идентификатор на билиотеката - собственик на записа BLK
041 ## - Код за език
Код за езика на текст/звукозапис или на отделно заглавие Български
Код за езика КДБФ Български
080 ## - УДК
Текстов определител УДК Лен и подобните му влакнодайни растения (коноп, юта и др. )
УДК код - определител по УДК 633.52
УДК - код + определител 633.52
100 ## - Редна дума - Автор
R(LIN) 259151
Автор Манев, Стефан
Авторска отговорност първи автор
139 ## - Редно поле
Редна дума Манев, Стефан
245 ## - Сведения за заглавието
Заглавие Лен
Редно поле (дума) Стефан Манев
260 ## - Област на издателските данни
9 (RLIN) 209440
Място на издаване, разпространение и проч. софия
Име на издателя, разпространителя и проч. Земиздат
Година на издаване 1951
Издателство - префикс ISBN 954-05-
300 ## - Физическа характеристика
Страници 56 с.с ил.
Размери/Мащаб 16 см
380 ## - Жанр
Жанр Селско стопанство
650 #0 - Допълнително описание по предмет – тема
9 (RLIN) 309698
Основно описание – тема или топоним Растениевъдство - България
653 #7 - Ключова дума – ненормативна
9 (RLIN) 189793
Ключова дума лен
852 ## - Местоположение
Форматна сигнатура Цб 6.160.40003
Фондова буква Основен фонд - ползва се само за читалня
999 ## - СИСТЕМНИ КОНТРОЛНИ НОМЕРА
Koha biblionumber 411249
Koha biblioitemnumber 411249
942 ## - АРТИКУЛИ
Вид на библиотечния материал Книги
Скрит в OPAC Не
Периодичен библиозапис Да
Koha issues (borrowed), all copies 1
944 ## - СЪЗДАВАНЕ И РЕДАКЦИЯ на ЗАПИСА
Създаване/Редакция Създаване
Дата на регистрацията/редакция 2021-04-26
Служител, извършил регистрацията/редакцията Христина Везирева
999 ## - СИСТЕМНИ КОНТРОЛНИ НОМЕРА
Koha biblioitemnumber 411249
Наличности
Код за отписване Код за изгубен артикул Източник на класификационната схема Код за повреда Коз за рестрикции Код за отдаване Артикулен № Име на библиотеката - собственик Име на библиотеката, в която се намира в момента Статус (Текущо местоположение) Дата на вписване в системата Местоположение - отдел Цена в лева Инвентарен номер Систематично азбучна сигнатура Баркод Цена в евро Служебен тип на артикула
  Не е изгубен Universal Decimal Classification Не е повреден само за читалня ползва се в читалня 827047 Регионална библиотека "Любен Каравелов" Русе Регионална библиотека "Любен Каравелов" Русе Хранилище 2021-04-27 Основен фонд - ползва се само за читалня 0.26 40003 Цб 6.160.40003 900000056409 0.13 Книги
Vip Innovations Ltd, Rousse, Bulgaria 2025